Jeppy's Halloween - Statistics

General Stats
  • This quiz has been taken 996 times
  • The average score is 8 of 12
Answer Stats
Picture Answer % Correct
Freddy Krueger
90%
Chucky
85%
Dracula
85%
Jaws
85%
Jason
77%
Pennywise
73%
The Mummy
68%
Michael Myers
62%
Fish Bone
61%
Ghostface
59%
Pinhead
49%
Leatherface
39%
No matching quizzes found
Score Distribution
Percent of People with Each Score
Percentile by Number Answered
Your Score History
You have not taken this quiz